| 000 | 01591nam a2200253 i 4500 | ||
|---|---|---|---|
| 001 | 768714001 | ||
| 003 | CO-MdFUSB | ||
| 005 | 20220531170253.0 | ||
| 007 | ta | ||
| 008 | 220531t1984 ck |||| |||| 00| 0 spa d | ||
| 022 | _a848280670X | ||
| 040 |
_bspa _aCO-MdFUSB _cCO-MdFUSB _dCO-MdFUSBC _erda |
||
| 041 | _aspa | ||
| 100 |
_aBalzac, Honoré de, _eautor |
||
| 245 |
_aPiel de zapa _c/ Honoré de Balzac |
||
| 300 |
_apáginas 1-171 _c; 23 cm |
||
| 336 | _2rdacontent | ||
| 337 | _2rdamedia | ||
| 338 | _2rdacarrier | ||
| 520 | _aLa historia, que tiene varios elementos autobiográficos, fue publicada en 1831 y transcurre en París, a comienzos del Siglo XIX. Un joven escritor llamado Rafael De Valentín, desafortunado, arruinado y solo –que, en la película argentina de 1943, es interpretado por Hugo del Carril- planea arrojarse a las aguas del Sena después de haber perdido su última moneda de oro en una partida de naipes. Todavía es de día cuando sale derrotado del garito que funciona en el Palacio Real y deambula sin rumbo por las calles de París, esperando a que se haga de noche para suicidarse sin testigos. Es entonces cuando entra a un anticuario y un hombre misterioso le ofrece la piel de zapa, un trozo de cuero mágico que cumple todos y cada uno de sus deseos al instante aunque va encogiéndose cada vez, al tiempo que va consumiendo, progresivamente, su energía vital. | ||
| 650 | 7 |
_92654 _aLiteratura francesa |
|
| 773 | 0 |
_067924 _981127 _aOveja Negra, _o24690 _tMaestros de la literatura universal : _w(CO-MdFUSB)768714001 _z8482806718 |
|
| 942 | _cBK | ||
| 999 |
_c67925 _d67925 |
||